[Event "4NCL 3 South pool D"]
[Site "Reading, ENG"]
[Date "2017.05.01"]
[Round "11.86"]
[White "Szymanski, Mark"]
[Black "Ressel, Eva"]
[Result "1-0"]
[WhiteElo "1902"]
[BlackElo "1742"]
[PlyCount "95"]
[EventDate "2017.05.01"]
[WhiteTeam "Iceni 1"]
[BlackTeam "The Rookies"]

1. d4 Nf6 2. c4 e6 3. g3 Nc6 4. Nf3 b6 5. Bg2 Bb7 6. O-O Na5 7. Nbd2 c5 8. dxc5
bxc5 9. b3 Qc7 10. Bb2 d5 11. cxd5 exd5 12. Rc1 Nc6 13. Re1 Be7 14. Bxf6 gxf6
15. Nh4 O-O-O 16. Qc2 Kb8 17. Nf5 Nb4 18. Qb1 Bc8 19. Nxe7 Qxe7 20. a3 Na6 21.
Qc2 h5 22. Nf3 f5 23. Qd2 Rd6 24. h4 f6 25. Rb1 Rg8 26. b4 cxb4 27. axb4 Rg4
28. Rec1 Qb7 29. b5 Nc7 30. Nd4 Bd7 31. Qd3 Rb6 32. e3 Bxb5 33. Nxb5 Rxb5 34.
Rxb5 Qxb5 35. Qxf5 Rc4 36. Rd1 a5 37. Bf1 Qa4 38. Be2 Qc2 39. Rb1+ Ka7 40. Qxc2
Rxc2 41. Bxh5 Ra2 42. Bf7 a4 43. h5 a3 44. Kg2 Rb2 45. Ra1 Nb5 46. h6 Rc2 47.
h7 Rc8 48. Bg8 1-0